Tilastot visalle Turkmenistan-visa

Klikkaa tästä pelataksesi tätä visaa!

Yleistilastot

  • Tätä visaa on pelattu 37 kertaa
  • Keskiarvotulos 14 / 20

Vastaustilastot

VihjeVastaus% Oikein
Turkmenistanin toiseksi puhutuin kieliVenäjä
100%
Turkmenistanin naapurimaatUzbekistan
100%
Valtio, josta Turkmenistan itsenäistyi vuonna 1991Neuvostoliitto
97%
Virallinen kieliTurkmeeni
93%
Sisämeri Turkmenistanin länsipuolellaKaspianmeri
93%
Turkmenistanin naapurimaatKazakstan
93%
Turkmenistanin naapurimaatAfganistan
90%
Turkmenistanin naapurimaatIran
90%
PääkaupunkiAšgabat
76%
Kallis materiaali, josta suurin osa pääkaupungin rakennuksista on rakennettuValkea marmori
72%
Tärkein rahakasviPuuvilla
72%
Tärkein vientituoteMaakaasu
62%
ValuuttaManat
52%
Aavikko, joka peittää suurimman osan TurkmenistanistaKarakum
48%
Maan "elinikäinen presidentti" vuosina 1990–2006 joka rakennutti aina aurinkoa päin kääntyvän kultaisen patsaan itsestäänSaparmurat Nijazov
48%
Kuuluisa kaasukraateri, joka on palanut vuodesta 1971 asti{Darvazan} kaasukraatteri
38%
Turkmenistanin kansalliseläin on tämä hevosrotu{Ahaltek}hevonen
38%
Turkmenistanin läpi virtaava Keski-Aasian pisin jokiAmudarja
38%
Valtio, jonka osana Turkmenistan oli käytännössä 1800-luvun loppupuolelle ja periaatteessa 1900-luvun alkupuolelle asti{Hivan} kaanikunta
34%
Aleksanteri Suuren valloittama kaupunki, joka oli ehkä Keski-Aasian merkittävin ja suurin kaupunki 1100-luvulla ja 1200-luvun alussaMerv
34%

Tulosjakauma

Persentiili vastausten määrän mukaan

Jokaisen tuloksen saaneiden osuus

Tuloshistoriasi

Et ole pelannut tätä visaa